000 01381nam a22003377a 4500
005 20240530110453.0
008 150520s2010 ua g b 000 0 ara d
017 _a2010/10088
_bمصر . دار الكتب المصرية
020 _a9789773832123
040 _aEG-CaGPL
082 0 4 _221
_a153.42\
_bم م
100 0 _aمحمد حسن غانم
245 1 0 _aمقدمة فى سيكولوجية التفكير :
_b( التفكير الابداعى و الناقد - حل المشكلات و اتخاذ القرار - برامج تعلم و تعليم التفكير - قياس التفكير )
_hمحمد حسن غانم
250 _aط1
260 _aالقاهرة :
_bإيتراك للطباعة و النشر و التوزيع ،
_c2010 .
300 _a280 ص ؛
_c24 سم .
504 _aيشتمل على ارجاعات ببليوجرافية
650 0 4 _aالتفكير
650 0 4 _aالابداع
650 0 4 _aالتفكير
_xبرامج تعلم
650 0 4 _aالتفكير الابداعى
650 0 4 _aالذكاء
650 0 4 _aالتفكير الايجابى
650 0 4 _aالذكاء
_xانواع
650 0 4 _aالتفكير
_xانواع
650 0 4 _aالتفكير الناقد
650 0 4 _aالمشاكل
_xطرق حل
650 0 4 _aاتخاذ القرارات
942 _2ddc
_cBK
999 _c61296
_d61296